Tính dân tộc của nghệ thuật tạo hình

Đã lưu trong:
书目详细资料
主要作者: Bộ Văn hóa
格式: 图书
语言:Undetermined
出版: Hà Nội Văn hóa 1976
主题:
标签: 添加标签
没有标签, 成为第一个标记此记录!
Thư viện lưu trữ: Trung tâm Học liệu Trường Đại học Cần Thơ
LEADER 00513nam a2200181Ia 4500
001 CTU_9474
008 210402s9999 xx 000 0 und d
082 |a 709.597 
082 |b B450t 
100 |a Bộ Văn hóa 
245 0 |a Tính dân tộc của nghệ thuật tạo hình 
245 0 |c Bộ Văn hóa 
260 |a Hà Nội 
260 |b Văn hóa 
260 |c 1976 
650 |a art, vietnamese 
904 |i Minh, 960927 
980 |a Trung tâm Học liệu Trường Đại học Cần Thơ